00578 2200181 4500001002100000005001500021035002000036007000300056008004100059082001200100084001800112100002500130245005600155260003100211300004300242520009500285600001600380INLIS00000000000075820221017044016 a0010-1022000062ta221017 b 0 ind  a297.246 a297.246 AHM a0 aAhmad filyan Ibrahim1 aanak islam :bpintar berdoa /cAhmad filyan Ibrahim asurabaya :bAulia surabaya a48 Halaman :bIlustrasi, ;c24 x 15 cm abuku ini mengemas sebuah taa cara doa lewat kaca anak-anak dengan penyajian yang sederhana 4aagama islam